Zagraniczni żużlowcy występujący w klubie z Wrocławia - Statystyki

Ogólne statystyki
  • Ten quiz został rozwiązany 262 razy
    46 od ostatniego zresetowania
  • Średni wynik to 28 z 63
Statystyki odpowiedzi
Narodowość Lata startów Odpowiedź % Poprawnych
Rosja 2021, 23-25 Artem Łaguta
94%
Wielka Brytania 2020-25 Dan Bewley
94%
Wielka Brytania 2012-24 Tai Woffinden
92%
Australia 2007, 2020 Chris Holder
83%
Czechy 1991-92 Vaclav Milik
83%
Czechy 2015-19 Vaclav Milik
83%
Łotwa 2024 Francis Gusts
81%
USA 1998-2004 Greg Hancock
81%
Dania 2005-07 Hans Andersen
81%
Dania 2000 Brian Andersen
78%
Australia 1995,99,06-10 Jason Crump
78%
Dania 2024 Mikkel Andersen
78%
Łotwa 2017-18 Andrzej Lebiedew
75%
Szwecja 2012 Fredrik Lindgren
75%
Rosja/Polska 2018-22 Gleb Czugunow
75%
Dania 2012 Jesper Monberg
69%
Dania 2015 Michael Jepsen Jensen
69%
Chorwacja 2014 Jurica Pavlic
64%
Dania 2008-10 Leon Madsen
61%
Dania 2006-07, 10-11 Kenneth Bjerre
56%
Dania 2010-11 Lasse Bjerre
56%
Australia 2018-20 Max Fricke
56%
Wielka Brytania 2001-03, 09 Scott Nicholls
56%
Australia 2013-14 Troy Batchelor
53%
Wielka Brytania 2023 Charles Wright
50%
Szwecja 2008 Mikael Max
50%
Wielka Brytania 2002 Lee Richardson
47%
Szwecja 2013 Peter Ljung
44%
Dania 2024 William Drejer
44%
USA / Szwecja 1999-00 John Cook
42%
Australia 1993 Leigh Adams
42%
Dania 2006-07, 12-13 Nicolai Klindt
39%
Dania 2004 Niels Iversen
39%
Szwecja 1999 Niklas Karlsson
39%
Szwecja 2020 Oliver Berntzon
39%
Dania 1992-97 Tommy Knudsen
39%
Niemcy 2023 Lukas Fienhage
36%
Dania 2011 Simon Nielsen
36%
Szwecja 2005 Antonio Lindbaeck
33%
Aus/GB 2023 Connor Bailey
33%
Wielka Brytania 2016 Nick Morris
31%
Australia 2009 Davey Watt
28%
Czechy 2006-08 Filip Sitera
28%
Szwecja 2000 Jimmy Nilsen
28%
Szwecja 2009-12 Dennis Andersson
25%
Szwecja 1993 Henrik Gustafsson
25%
Dania 2015 Nicolai Busk Jakobsen
25%
Czechy 1995-96 Tomas Topinka
25%
Wielka Brytania 1991-92 Chris Louis
22%
Wielka Brytania 1991-92 Kelvin Tatum
17%
Szwecja 1998 Niklas Klingberg
17%
Australia 2011 Adam Shields
14%
Wielka Brytania 2008-09 Ben Barker
14%
USA 1997 Chris Manchester
14%
Czechy 1990 Jan Holub
14%
USA 1999 Josh Larsen
14%
Rosja 2011 Maksim Łobzenko
14%
Australia 2008 Rory Schlein
14%
Australia 2009 Travis McGowan
14%
Australia 2012 Ty Proctor
11%
Czechy 1990, 96 Zdenek Tesar
11%
Czechy 1990-91 Jan Schinagl
8%
USA 1999 Brett Woodfield
6%
Nie znaleziono quizów pasujących do podanych kryteriów
Rozkład punktacji
Procent ludzi z każdym wynikiem
Percentyl według liczby udzielonych odpowiedzi
Twoja historia wyników
Nie rozwiązałeś tego quizu od ostatniego zresetowania